Schaum's outline of theory and problems of statistics (Record no. 339919)

000 -LEADER
fixed length control field 00491cam a22001817a 4500
003 - CONTROL NUMBER IDENTIFIER
control field OSt
005 - DATE AND TIME OF LATEST TRANSACTION
control field 20180722140130.0
008 - FIXED-LENGTH DATA ELEMENTS--GENERAL INFORMATION
fixed length control field 1807181972 xxu||||| |||| 00| 0 eng d
040 ## - CATALOGING SOURCE
Transcribing agency
082 ## - DEWEY DECIMAL CLASSIFICATION NUMBER
Classification number I5511 Sp43
100 ## - MAIN ENTRY--PERSONAL NAME
Personal name Spiegel, Murry R
9 (RLIN) 16
245 ## - TITLE STATEMENT
Title Schaum's outline of theory and problems of statistics
Statement of responsibility, etc. by Murray R. Spiegel
260 ## - PUBLICATION, DISTRIBUTION, ETC.
Place of publication, distribution, etc. New York
Name of publisher, distributor, etc. McGraw-Hill
Date of publication, distribution, etc. 1972
300 ## - PHYSICAL DESCRIPTION
Extent 359p
440 ## - SERIES STATEMENT/ADDED ENTRY--TITLE
Title Schaum's outline series
9 (RLIN) 17
650 ## - SUBJECT ADDED ENTRY--TOPICAL TERM
Topical term or geographic name entry element Statistics
9 (RLIN) 18
942 ## - ADDED ENTRY ELEMENTS (KOHA)
Source of classification or shelving scheme
Koha item type Book
Holdings
Withdrawn status Lost status Source of classification or shelving scheme Damaged status Not for loan Permanent Location Current Location Date acquired Full call number Barcode Date last seen Price effective from Koha item type
          Indian Institute of Public Administration Indian Institute of Public Administration 2009-12-24 I5511 Sp43 63313 2018-07-22 2018-07-22 Book
          Indian Institute of Public Administration Indian Institute of Public Administration 2009-12-24 I5511 Sp43 63315 2018-07-22 2018-07-22 Book
          Indian Institute of Public Administration Indian Institute of Public Administration 2009-12-24 I5511 Sp43 63321 2018-07-22 2018-07-22 Book
          Indian Institute of Public Administration Indian Institute of Public Administration 2009-12-24 I5511 Sp43 63320 2018-07-22 2018-07-22 Book
          Indian Institute of Public Administration Indian Institute of Public Administration 2009-12-24 I5511 Sp43 63319 2018-07-22 2018-07-22 Book
          Indian Institute of Public Administration Indian Institute of Public Administration 2009-12-24 I5511 Sp43 63318 2018-07-22 2018-07-22 Book
          Indian Institute of Public Administration Indian Institute of Public Administration 2009-12-24 I5511 Sp43 63317 2018-07-22 2018-07-22 Book
          Indian Institute of Public Administration Indian Institute of Public Administration 2009-12-24 I5511 Sp43 63316 2018-07-22   Book
          Indian Institute of Public Administration Indian Institute of Public Administration 1899-12-30 I5511 Sp43 50001 2018-07-22 2018-07-22 Book

Powered by Koha